Blink-182 - Neighborhoods Songs - Statistics

General Stats
  • This quiz has been taken 32 times
  • The average score is 12 of 14
Answer Stats
Listens Song % Correct
39,151,849 Ghost On The Dance Floor
100%
18,241,977 Heart's All Gone
100%
10,315,857 MH 4.18.2011
100%
63,375,499 After Midnight
93%
16,572,512 Kaleidoscope
93%
20,056,056 Natives
93%
11,622,797 This Is Home
93%
36,090,669 Wishing Well
93%
7,476,414 Heart's All Gone Interlude
86%
12,520,987 Snake Charmer
86%
18,565,872 Even If She Falls
79%
11,846,053 Love Is Dangerous
79%
38,108,604 Up All Night
79%
6,636,765 Fighting The Gravity
64%
No matching quizzes found
Score Distribution
Percent of People with Each Score
Percentile by Number Answered
Your Score History
You have not taken this quiz